000
00275 a2200097 4500
020
_a
9789364870665
100
_a
P. Nagendranath
245
_a
Parayipetta panthirukulam(പറയിപെറ്റ പന്തിരുകുലം)
260
_b
D C books
_c
2024
942
_c
OO
999
_c
115321
_d
115320